Top of the league (Record no. 75489)

MARC details
000 -LEADER
fixed length control field 01377cab a2200181 4500
001 - CONTROL NUMBER
control field L130201
008 - FIXED-LENGTH DATA ELEMENTS--GENERAL INFORMATION
fixed length control field 050701n2005 000 0 eng u
035 ## - SYSTEM CONTROL NUMBER
System control number (Sirsi) u130201
041 ## - LANGUAGE CODE
Language code of text/sound track or separate title eng
100 ## - MAIN ENTRY--PERSONAL NAME
Personal name Bazlinton, Chris
245 ## - TITLE STATEMENT
Title Top of the league
260 ## - PUBLICATION, DISTRIBUTION, ETC.
Date of publication, distribution, etc. 2005
490 ## - SERIES STATEMENT
Series statement Inside Housing
Volume/sequential designation 22(25) 24 June 2005, 40-43(3)
520 ## - SUMMARY, ETC.
Summary, etc. Presents the findings of the 2005 "Inside Housing" survey of the top 50 housing association developers in England, the only comprehensive survey of housing association development funded from all sources. The 2005 survey shows very little change from the 2004 survey with only four new entries at the bottom end of the league table, the least since the first analysis in the late 1980s. The lack of movement is not surprising as associations have just moved into the second year of guaranteed allocations and preferred partnering, which the article comments on. However this autumn's bidding for the 2006/08 programme is open to all including private developers resulting in the biggest change in funding since private finance was introduced in 1988. London and Quadrant Group with its affordable housing ownership subsidiary, Tower Homes, again takes the number one spot. League table of top 50 developers.
590 ## - LOCAL NOTE (RLIN)
Local note ika040705
690 ## - LOCAL SUBJECT ADDED ENTRY--TOPICAL TERM (OCLC, RLIN)
Topical term or geographic name as entry element PROPERTY-RESIDENTIAL PROPERTY-RESIDENTIAL PROPERTY DEVELOPMENT
942 ## - ADDED ENTRY ELEMENTS (KOHA)
Suppress in OPAC 0
Holdings
Withdrawn status Lost status Source of classification or shelving scheme Damaged status Not for loan Home library Current library Shelving location Date acquired Total Checkouts Full call number Barcode Date last seen Copy number Price effective from Koha item type
    Dewey Decimal Classification     London London Journal article 01/07/2005   L130201 130201-1001 06/08/2019 1 06/08/2019 Journal article